000 00378nam a2200145Ia 4500
008 240624s9999 xx 000 0 und d
041 _aeng
082 _a658.15 SHA
100 _aSHAPIRO ALAN C
245 _aMULTINATIONAL FINANCIAL MANAGEMENT
250 _a(8th ed.)
260 _c2006
_aNew Delhi
_bJohn Wiley and Sons
300 _a745 : p. : cm. ; 24
365 _cRS
_b33.33
999 _c10933
_d10933